00886nac a22002531u 4500010001500000020001700015035002300032082002000055090001500075100003400090245010600124260004200230300004100272500003300313500002000346500002600366511002400392650002400416650002600440700002100466942002200487999001500509952010800524 a2002483215 a3770170814 : a(UkLWHE)b00012462600a385.360222bLEG c9375d9375 a20080729 00aLegendary trains : the great locomotives of the world past and present /cEdited by [Thomas Hornung]. aLondon :bDumonte monte,2001.cc2001. a440 p. :bill. (some col.) ;c32 cm. aEditor statement from cover. aIncludes index. aDistributer: Al-Ahram aCatalogued by: Sara 0aRailroadsxHistory. 0aLocomotivesxHistory.1 aHornung, Thomas. cNBk385.360222LEG c9375d9375 00104070aMAINbMAINc1STd2008-05-05ePurchasel0o385.360222LEGp000011082r2025-07-15 00:00:00yNB